| 000 | 00966nam a2200265 a 4500 | ||
|---|---|---|---|
| 001 | BRCA_3860 | ||
| 005 | 20190320204442.0 | ||
| 008 | 171209s1825----uk-a######---#000-0#eng-# | ||
| 041 | _aeng | ||
| 044 | _aUk | ||
| 050 | 4 |
_aF1213 _b.B85 1825 |
|
| 100 | 1 |
_aBullock, William _d1773-1849 _97017 |
|
| 245 | 1 | 0 |
_aSix months residence and travels in Mexico ; containing remarks on the present state of New Spain, its natural productions, state of society, manufactures, trade, agriculture, antiquities, etc. _cby W. Bullock. |
| 250 | _a2 | ||
| 260 |
_aLondres _bJonhn Murray _c1825 |
||
| 300 |
_a2 v. _bil. (algunas a color), 11 láminas _c17 cm. |
||
| 500 | _aCon ex-libris de: William Pearce | ||
| 500 | _aEl v.1 se encuentra en préstamo para una exposición externa | ||
| 500 | _aC19 | ||
| 650 | 1 | 4 |
_aViajeros ingleses _97018 |
| 651 | 4 |
_aMéxico _xDescripción y viajes _9103 |
|
| 651 | 4 |
_aMéxico _xPolítica y gobierno _97019 |
|
| 902 | _aGFM | ||
| 942 |
_2lcc _cB |
||
| 999 |
_c3588 _d3588 |
||